000 01852nam0a2200349 4500
001 RU\NLR\bibl\1174989
005 20260407172823.0
010 _a978-5-9901227-2-7
_9100
021 _aRU
_b2007-81120
_94370
035 _a(NLR Aleph) 001161652
090 _a1541374
_c1541374
100 _a20080111d2007 |||y0rusy50 ca
101 0 _arus
102 _aRU
105 _aa |||||||||
200 1 _aУстройство светопрозрачных ограждающих элементов здания
_eметодическое пособие
_e[по дисциплине "Основы строительного производства" для студентов вузов архитектурных специальностей]
_fМоск. архит. ин-т (гос. акад.), Каф. "Архит. практика"
_g[разраб. доц., к. архит. Адамов О. И.]
210 _aМосква
_cМАрхИ
_d2007
215 _a54 с.
_cил.
_d21
225 1 _aОсновы строительного производства
300 _aИзд. за счет средств авт.
320 _aБиблиогр.: с. 53-54 (16 назв.)
606 1 _aЗдания
_jУчебные издания для высших учебных заведений
_xСветопрозрачные конструкции
_92507303
_3RU\NLR\auth\661486649
686 _aН7-042.8я73-1
702 1 _aАдамов
_bО. И.
_gОлег Игоревич
_4220
712 0 2 _4570
_aМосковский архитектурный институт
_bКафедра "Архитектурная практика"
_9719362
_3RU\NLR\AUTH\8810109653
801 0 _aRU
_bNLR
_c20080111
_gRCR
801 1 _aRU
_bNLR
_c20080111
830 _aсост. по кн
942 _cBOOK
980 _aNB